Latin-american politics and government

Saved in:
Bibliografiske detaljer
Hovedforfatter: Alexander, Robert J (Author)
Format: Bog
Sprog:engelsk
Udgivet: Nueva York Harper and Row 1965
Serier:Harper's Comparative Government Series
Fag:
Tags: Tilføj Tag
Ingen Tags, Vær først til at tagge denne postø!

MARC

LEADER 00000nam a2200000 a 4500
001 UCI9573
003 CL-VaPUC
008 081128e19650000US |||||||||||||||||eng|d
082 0 4 |a 320.098  |b ALE  |2 21 
100 0 |a Alexander, Robert J  |e author  |9 533408 
245 1 0 |a Latin-american politics and government 
300 |a 184 p 
942 |c BK 
945 |d 20081128 00:00:00  |a rbrito 
260 |a Nueva York  |b Harper and Row  |c 1965 
650 0 |a Política  |9 255312 
650 0 |a Partidos políticos  |9 254999 
651 0 |a América Latina   |9 255027 
583 |a last modification  |c 20081128 00:00:00  |k Rodrigo Vera 
490 0 |a Harper's Comparative Government Series 
999 |c 332087  |d 332085 
952 |0 0  |1 0  |4 0  |6 320_098000000000000_ALE_1965  |7 0  |8 A  |9 419457  |a BIBHIS  |b BIBHIS  |d 2019-11-22  |i 4500415  |o 320.098 ALE 1965  |p 4500415  |r 2025-01-20  |w 2019-11-22  |y BK  |k HIS